| 000 | nam a22 a 4500 | ||
|---|---|---|---|
| 999 |
_c347424 _d347424 |
||
| 003 | BLK | ||
| 005 | 20221128093233.0 | ||
| 008 | 191223b bu ||||| |||| 00| 0 bu d | ||
| 020 | _a9786191865185 | ||
| 040 | _aBLK | ||
| 041 |
_aBUL _cBUL |
||
| 080 |
_aБългарска литература _b821.163.2 _x-94 _z821.163.2-94 |
||
| 080 |
_aБългарска литература _b821.163.2 _x(092) _z821.163.2(092) |
||
| 080 |
_aБългарска писателка и историк _b929 Мутафчиева, Вера Петрова _z929 Мутафчиева, Вера Петрова |
||
| 100 |
_9325815 _aАпостолова, Божана Георгиева _eпърви автор _gАпостолова-Пейкова, Божана Георгиева |
||
| 139 |
_aАпостолова, Божана Георгиева _bА 78 |
||
| 245 |
_aДуша в душата _bСпомени за Вера Мутафчиева |
||
| 260 |
_9209682 _aПловдив _bЖанет 45 _c2019 _n978-619-186- ; 978-954-491- |
||
| 300 |
_a134 с. : със сн. _c20 см |
||
| 380 | _aX | ||
| 942 |
_cKNG _n0 _s1 _07 |
||